00780nam a2200289Ia 4500008004000000020001700040041000800057082001600065100001900081245005400100250000500154260003600159300001300195650001500208650000700223650001700230650001300247650000900260650000700269650000800276650000600284690001300290700001700303906001100320999001900331952014000350210210b2006 xxu||||| |||| 00| 0 eng d a978145135443 aeng a575.12 PRIP aPRIMROSE (S B) aPrinciples of gene manipulation and genomics Ed 7 a aUSAbBlackwell publishingc2006 axxii,644 aPrinciples aof amanipulation agenomics agene aEd aand a7 aGenetics aTWYMAN (R M) a064718 c141593d141593 00102ddc40738BTaALbALd2021-02-17eIntact Bookhouse Pvt Ltdg2250.00l0o575.12 PRIPp064718r2021-02-17 00:00:00w2021-02-17yBK